Абстрактный пользовательский интефейс в Java 2 Platform, Micro Edition : определение, задачи, принципы работы; Информационные технологии; № 3

מידע ביבליוגרפי
Parent link:Информационные технологии: теоретический и прикладной научно-технический журнал.— , 2000-
№ 3.— 2004.— С. 30-38
מחבר ראשי: Беляев В. К.
מחברים אחרים: Забелин С. В.
שפה:רוסית
יצא לאור: 2004
סדרה:Программирование
נושאים:
פורמט: Book Chapter
KOHA link:https://koha.lib.tpu.ru/cgi-bin/koha/opac-detail.pl?biblionumber=394254

MARC

LEADER 00000naa2a2200000 4500
001 394254
005 20231101064501.0
035 |a (RuTPU)RU\TPU\prd\30936 
090 |a 394254 
100 |a 20041214a2004 k y0rusy50 ca 
101 0 |a rus 
102 |a RU 
200 1 |a Абстрактный пользовательский интефейс в Java 2 Platform, Micro Edition : определение, задачи, принципы работы  |f В. К. Беляев, С. В. Забелин 
225 1 |a Программирование 
320 |a Библиогр.: 4 назв. 
461 1 |0 (RuTPU)RU\TPU\prd\1520  |t Информационные технологии  |o теоретический и прикладной научно-технический журнал  |d 2000- 
463 1 |0 (RuTPU)RU\TPU\prd\25743  |t № 3  |v С. 30-38  |d 2004 
610 1 |a абстрактный пользовательский интерфейс 
610 1 |a определение 
610 1 |a задачи 
610 1 |a принципы работы 
610 1 |a пользовательские устройства 
610 1 |a мобильные телефоны 
610 1 |a телевизионные приставки 
610 1 |a проектирование 
675 |a 004.5'438  |v 3 
700 1 |a Беляев  |b В. К. 
701 1 |a Забелин  |b С. В. 
801 1 |a RU  |b 63413507  |c 20041214  |g PSBO 
801 2 |a RU  |b 63413507  |c 20130507  |g RCR 
942 |c BK